000 00805cam a2200217 4500
001 X118618
008 020701n2002 000 0 eng u
035 _a(Sirsi) u118618
100 _aMorgan, J
245 _aCosts law
260 _c2002
490 _aLaw Society's Gazette
_v 99(19) 10 May 2002, 26(1)
520 _aReviews CA decision in 'Lownds v Home Office' [2002] which provides guidance on the assessment of proportionality in costs orders made under Civil Procedure Rules 1998. Outlines process of quantifying costs, and how to determine whether costs were necessary.
650 _aLOWNDS V HOME OFFICE
650 _aCIVIL PROCEDURE RULES 1998
650 _aCIVIL PROCEDURE RULES
650 _aCOSTS
650 _aPROPORTIONALITY
690 _aDispute resolution
_96236
942 _n0
999 _c70638
_d70638